| 000 | 01594nam a2200265 4500 | ||
|---|---|---|---|
| 001 | 9156 | ||
| 010 | _a798-9938-00-326-0 | ||
| 090 | _a9156 | ||
| 099 | _tLIVR | ||
| 100 | _a20251023d u||y0frey5050 ba | ||
| 101 | _afre | ||
| 102 | _aTN | ||
| 200 |
_aMahdia, chroniques d'une ville heureuse _bLIVR _fAlya Hamza _gMajed Zalila _gFrédéric Mitterand _gLilia Hadj Khélifa |
||
| 210 |
_aTunis _cSimpact _dMars 2021 |
||
| 215 |
_a108 p. _cCouv.Ill.Coul. _d15 x 21 |
||
| 330 | _a"Dans le nouvel ouvrage de Alya Hamza Mahdia, chroniques d’une ville heureuse, l’autrice nous invite à une promenade nostalgique dans le patrimoine réel et imaginaire de cette ville avec ce livre que l’on feuillette en marchant. Ce n’est pas un hasard si Mahdia est une ville sur laquelle beaucoup ont écrit. Mais Alya restitue dans son livre, les clichés qui ont probablement échappé à tous les regards initiés. Ici, donc, pas de carte postale aux teintes saturées, mais plutôt un kaléidoscope. Fascinante combinaison de récits populaires, de souvenirs, de légendes nourries par un passé dense et pas toujours tranquille. " Par Chokri Ben Nessir Publié dans le journal la Presse le 2 mai 2021 | ||
| 606 |
_aLivre illustré _924461 _xPatrimoine _xFolklore |
||
| 606 |
_aVie quotidienne _yMahdia _924462 |
||
| 607 |
_aTunisie _xMahdia _yMéditerranée _924463 |
||
| 700 |
_4070 _aHamza _bAlya _924464 |
||
| 701 |
_4440 _a Zalila _bMajed _924465 |
||
| 701 |
_4080 _a Mitterand _bFrédéric _924466 |
||
| 702 |
_4340 _aHadj Khélifa _bLilia _924467 |
||
| 801 |
_aTN _b32BIS _c20251023 _gUNIMARC |
||
| 830 | _aABA | ||